| 000 | 00679nam a2200205 a 4500 | ||
|---|---|---|---|
| 005 | 20141204110640.0 | ||
| 008 | 140124b2002 ck ||||| |||| 00| 0 spa d | ||
| 040 | _cCO-BoIH | ||
| 041 | _aspa | ||
| 044 | _ack | ||
| 090 |
_aIAVH _b00485 |
||
| 100 |
_aFonnegra G., Ramiro _95087 |
||
| 245 |
_aProyecto, sistematización del herbario universidad de Antioquia- HUA. etapa III _bcontinuación de la elaboración de la base de datos |
||
| 260 |
_aMedellín _bCODI _bInstituto Alexander von Humboldt _bUniversidad de Antioquia _c2002 |
||
| 300 | _a26 p. | ||
| 700 |
_aRoldán P., Francisco J. _95088 |
||
| 700 |
_aMacias F., Jorge _95089 |
||
| 942 |
_cINFORME _2z |
||
| 945 | _d2005-12-14 | ||
| 999 |
_c4974 _d4974 |
||